000 00675nam a2200241Ia 4500
003 OSt
005 20221007103821.0
006 a|||||r|||| 00| 0
007 ta
008 221006b |||||||| |||| 00| 0 eng d
024 _a14,132
037 _cTextual
040 _aLCO
_cLCO
_beng
041 _2eng
_aeng
082 _aZ2,98:1, L3
100 _aRobinson Stanley
_9705575
245 0 _aDrafting
_b Its Application to Conveyancing and Commercial Documents
260 _aSydney
_bButterworths Australia
_c1973
300 _a431
650 _aDRAFTING
_9703021
942 _hZ2,98:1, L3
_cTEXL
999 _c1183695
_d1183695